Wiedza ogólna o Zimowych Igrzyskach Olimpijskich - Statystyki

Ogólne statystyki
  • Ten quiz został rozwiązany 37 razy
    36 od ostatniego zresetowania
  • Średni wynik to 13 z 20
Statystyki odpowiedzi
Wskazówka Odpowiedź % Poprawnych
Trzykrotny złoty medalista z Polski w skokach narciarskich Kamil Stoch
97%
Sport łączący narciarstwo ze strzelaniem Biathlon
94%
Sport, w którym używa się "mioteł i kamieni" Curling
94%
Państwo tropikalne, którego drużyna bobslejowa stała się inspiracją dla filmu „Reggae na lodzie” Jamajka
94%
Państwo, które zdobyło najwięcej medali w narciarstwie alpejskim Austria
91%
Ałmaty i Pekin były jedynymi dwoma miastami, które zgłosiły swoją kandydaturę do organizacji igrzysk w 2022 roku. W którym państwie znajdują się Ałmaty? Kazachstan
91%
Państwo, które zdobyło najwięcej medali na Zimowych Igrzyskach Olimpijskich Norwegia
91%
Pasmo górskie, w którym znajduje się Chamonix, gospodarz pierwszych Zimowych Igrzysk Olimpijskich Alpy
88%
Jedyne dwa kraje na południe od równika, które zdobyły medal na Zimowych Igrzyskach Olimpijskich Australia
85%
Morze, na którym znajduje się miasto-gospodarz Igrzysk Olimpijskich 2014 w Soczi Czarne
82%
Jedyne dwa kraje na południe od równika, które zdobyły medal na Zimowych Igrzyskach Olimpijskich Nowa Zelandia
74%
Kanadyjskie miasto, które było gospodarzem Zimowych Igrzysk Olimpijskich w 1988 roku Calgary
62%
Sport będący wersją saneczkarstwa zjazdowego Skeleton
59%
Zawody w narciarstwie dowolnym, w których pokonuje się „nierówności” Jazda po muldach
53%
Państwo, w którym Dominik Hašek zdobył złoty medal w hokeju na lodzie w 1998 roku Czechy
50%
Zawody w łyżwiarstwie figurowym, które są bardziej artystyczne i mniej techniczne Pary {taneczne}
47%
Dyscyplina, w której Polska zdobyła pierwszy medal na Zimowych Igrzyskach Olimpijskich Kombinacja norweska
38%
Sport pierwotnie znany jako „snurfing” Snowboarding
26%
Skok figurowy w łyżwiarstwie figurowym, składający się z 3 i pół obrotu Potrójna {oś}
3%
Norweska łyżwiarka figurowa, która miała zaledwie 15 lat, gdy wygrała swój pierwszy
złoty medal w 1928 roku
Sonja Henie
3%
Nie znaleziono quizów pasujących do podanych kryteriów
Rozkład punktacji
Procent ludzi z każdym wynikiem
Percentyl według liczby udzielonych odpowiedzi
Twoja historia wyników
Nie rozwiązałeś tego quizu od ostatniego zresetowania